00591cam a22002291 4500001001300000003000400013005001700017008004100034010001700075035002000092040001800112042001200130050002100142100004100163245002700204260002000231300001900251500001300270500003000283650003100313999001700344sa 65006986 DLC20260227112146.0890912s1962 ii 000 0 urdr  asa 65006986  a(OCoLC)20328140 aDLCcWaUdDLC apremarc00aHN40.M6bA9 19621 aĀzād, Abūlkalām,d1888-1958.10aIslāmī masāʼil. aDelhi,c[1962?] a128 p.c19 cm. aIn Urdu. aText partially vocalized. 0aIslam and social problems. c64975d64975